Les 30 plus grands pays du monde en superficie - Statistiques

Statistiques générales
  • Ce quiz a été pris 221 fois
  • Le résultat moyen est 25 sur 30
Statistiques - réponses
Superficie (km²) Réponse % Correct
9.984M Canada
100%
9.525M États-Unis
100%
9.596M Chine
99%
17.098M Russie
99%
8.51M Brésil
97%
7.741M Australie
96%
2.381M Algérie
95%
2.78M Argentine
95%
3.287M Inde
95%
1.964M Mexique
92%
2.344M République démocratique du Congo
91%
1.219M Afrique du Sud
89%
2.149M Arabie saoudite
84%
2.724M Kazakhstan
84%
1.564M Mongolie
84%
1.904M Indonésie
83%
1.648M Iran
82%
1.001M Égypte
81%
1.138M Colombie
80%
1.861M Soudan
77%
1.285M Pérou
76%
1.267M Niger
75%
1.24M Mali
74%
1.759M Libye
72%
1.284M Tchad
69%
1.104M Éthiopie
68%
1.246M Angola
66%
1.098M Bolivie
66%
1.03M Mauritanie
61%
947.3K Tanzanie
56%
Aucun quiz correspondant
Distribution des résultats
% des personnes avec chaque résultat
Percentile par nombre de réponses
Votre historique - résultats
Vous n’avez pas pris ce quiz